FAO Fisheries technical and paper

Gespeichert in:
Bibliographische Detailangaben
Körperschaft: FAO
Format: Buch
Sprache:Undetermined
Veröffentlicht: Rome, Italy FAO 2007
Schlagworte:
Tags: Tag hinzufügen
Keine Tags, Fügen Sie den ersten Tag hinzu!
Thư viện lưu trữ: Trung tâm Học liệu Trường Đại học Cần Thơ
LEADER 00574nam a2200217Ia 4500
001 CTU_130233
008 210402s9999 xx 000 0 und d
082 |a 639 
082 |b F686/No.446 
110 |a FAO 
245 0 |a FAO Fisheries technical and paper 
245 0 |c FAO 
260 |a Rome, Italy 
260 |b FAO 
260 |c 2007 
526 |a Thực tập giáo trình nuôi trồng thủy sản 
526 |b TSN604 
650 |a Shrimp,Fish-culture 
650 |x Culture 
904 |i Minh 
980 |a Trung tâm Học liệu Trường Đại học Cần Thơ